[Event "ODEM U25B 2013"]
[Site "Oberhof GER"]
[Date "2013.05.23"]
[Round "7"]
[White "Klinkhammer, Christopher"]
[Black "Wiemann, Daniel"]
[Result "0-1"]
[Termination "normal"]
[Board "24"]
[WhiteElo "1279"]
[BlackElo "1457"]
[PlyCount "102"]
[WhiteFideId "12925020"]
[BlackFideId "12942944"]
[EventCountry "GER"]
[EventRounds "9"]
[EventType "swiss"]
[EventDate "2013.05.18"]

1. c4 e5 2. Nc3 Nf6 3. g3 d5 4. cxd5 Nxd5 5. Bg2 Nxc3 6. bxc3 g6 7. d4 Bg7 8.
e3 O-O 9. Bb2 Re8 10. Ne2 Nc6 11. O-O Bd7 12. h3 h5 13. Kh2 Rb8 14. Qd3 Qe7 15.
a4 e4 16. Qc2 g5 17. Ba3 Qe6 18. Rfd1 Na5 19. Bc5 b6 20. Bb4 f5 21. d5 Qg6 22.
Qa2 Kh8 23. d6 c5 24. Bxa5 bxa5 25. Rd2 Rb6 26. Qd5 Rc6 27. f4 g4 28. h4 Re6
29. Qb3 Rb6 30. Qc4 Rexd6 31. Rad1 Rxd2 32. Rxd2 Qc6 33. Rxd7 Qxd7 34. Qxc5 Rb2
35. Nd4 Bxd4 36. cxd4 Re2 37. Qc3 Ra2 38. Qxa5 Rxa4 39. Qe5+ Kh7 40. Bf1 Ra2+
41. Kg1 Ra1 42. d5 Rd1 43. Qe6 Qxe6 44. dxe6 Kg7 45. Kf2 Kf6 46. Bc4 a5 47. Bb3
Rd3 48. Bc4 Rc3 49. Bd5 a4 50. Ke1 a3 51. Kd1 Rd3+ 0-1

[Event "ODEM U25B 2013"]
[Site "Oberhof GER"]
[Date "2013.05.23"]
[Round "7"]
[White "Schluckner, Paul-Leopold"]
[Black "Lange, Cecilia"]
[Result "1/2-1/2"]
[Termination "normal"]
[Board "25"]
[WhiteElo "1259"]
[BlackElo "1116"]
[PlyCount "59"]
[WhiteFideId "12952168"]
[BlackFideId "12976040"]
[EventCountry "GER"]
[EventRounds "9"]
[EventType "swiss"]
[EventDate "2013.05.18"]

1. e4 c6 2. d4 d5 3. Nc3 dxe4 4. Nxe4 Nf6 5. Nxf6+ exf6 6. Nf3 Be6 7. Bd3 Bd6
8. O-O O-O 9. Be3 Qc7 10. c4 h6 11. c5 Bf4 12. Qd2 Bxe3 13. Qxe3 Re8 14. Rfe1
Nd7 15. Qd2 Bd5 16. Re3 Bxf3 17. Rxf3 Re7 18. Re3 Rae8 19. Rae1 Qd8 20. Rxe7
Rxe7 21. Rxe7 Qxe7 22. Qe3 Qxe3 23. fxe3 Kf8 24. Kf2 Ke7 25. Kf3 g6 26. a4 a5
27. g3 f5 28. g4 fxg4+ 29. Kxg4 Nf6+ 30. Kf3 1/2-1/2

[Event "ODEM U25B 2013"]
[Site "Oberhof GER"]
[Date "2013.05.23"]
[Round "7"]
[White "Stockter, Jasper Enno"]
[Black "Matuschak, Henry"]
[Result "1-0"]
[Termination "normal"]
[Board "26"]
[WhiteElo "1239"]
[BlackElo "1082"]
[PlyCount "93"]
[WhiteFideId "12957291"]
[EventCountry "GER"]
[EventRounds "9"]
[EventType "swiss"]
[EventDate "2013.05.18"]

1. e4 e5 2. Nf3 Nc6 3. d4 exd4 4. Nxd4 d5 5. Bb5 Bd7 6. O-O dxe4 7. Bxc6 Bxc6
8. Nxc6 bxc6 9. Nc3 Nf6 10. Bg5 Be7 11. Re1 O-O 12. Qxd8 Rfxd8 13. Nxe4 Nd5 14.
Bxe7 Nxe7 15. Nf6+ gxf6 16. Rxe7 Rac8 17. Rae1 Kf8 18. R7e2 Rb8 19. b3 Rd7 20.
f3 Rbd8 21. Kf2 Rd2 22. Rxd2 Rxd2+ 23. Re2 Rxe2+ 24. Kxe2 Ke7 25. Ke3 Ke6 26.
c4 c5 27. Kf4 h6 28. Kg4 Ke5 29. Kh5 Kf4 30. Kxh6 Ke3 31. Kg7 Kd3 32. h4 Kc3
33. h5 Kb2 34. h6 Kxa2 35. h7 Kxb3 36. h8=Q a5 37. Kxf7 a4 38. Qxf6 a3 39. Qa1
c6 40. g4 a2 41. g5 Ka3 42. g6 Kb3 43. g7 Ka3 44. g8=R Kb3 45. Ke7 Ka3 46. Rb8
Ka4 47. Qxa2# 1-0

[Event "ODEM U25B 2013"]
[Site "Oberhof GER"]
[Date "2013.05.23"]
[Round "7"]
[White "Schilay, Eva"]
[Black "Arnold, Alexandria"]
[Result "1-0"]
[Termination "normal"]
[Board "28"]
[WhiteElo "1223"]
[BlackElo "999"]
[PlyCount "89"]
[WhiteFideId "12930164"]
[BlackFideId "16205383"]
[EventCountry "GER"]
[EventRounds "9"]
[EventType "swiss"]
[EventDate "2013.05.18"]

1. e4 e5 2. Bc4 Bc5 3. Nc3 Nc6 4. Qg4 g6 5. Qf3 Nf6 6. d3 Nd4 7. Qd1 d6 8. Nge2
Bg4 9. a3 Nd7 10. h3 Be6 11. Ba2 Qf6 12. Be3 Nxe2 13. Qxe2 Bb6 14. Qd2 Bxe3 15.
fxe3 Qh4+ 16. Qf2 Qxf2+ 17. Kxf2 Bxa2 18. Nxa2 O-O-O 19. Raf1 Rdf8 20. Ke2 Nc5
21. Nc3 a6 22. Rf3 Ne6 23. Rhf1 Nd8 24. Nd5 Rhg8 25. Ne7+ Kb8 26. Nxg8 Rxg8 27.
d4 Re8 28. Kd3 Ka7 29. Rg3 Kb6 30. Rg5 h6 31. Rg4 Kc6 32. Rh4 h5 33. g4 hxg4
34. hxg4 b5 35. d5+ Kc5 36. b4+ Kb6 37. c4 Rf8 38. Rh6 Nb7 39. Rxg6 bxc4+ 40.
Kxc4 a5 41. Rgf6 axb4 42. axb4 Rg8 43. Rg1 Nd8 44. g5 c6 45. Rxd6 1-0

[Event "ODEM U25B 2013"]
[Site "Oberhof GER"]
[Date "2013.05.23"]
[Round "7"]
[White "Bergauz, Igal"]
[Black "Kluge, Helene"]
[Result "1-0"]
[Termination "normal"]
[Board "29"]
[WhiteElo "1184"]
[BlackElo "1020"]
[PlyCount "49"]
[WhiteFideId "12977284"]
[BlackFideId "12983179"]
[EventCountry "GER"]
[EventRounds "9"]
[EventType "swiss"]
[EventDate "2013.05.18"]

1. e4 e6 2. d4 d5 3. e5 c5 4. c3 Nc6 5. Nf3 Qb6 6. a3 cxd4 7. cxd4 Nge7 8. Be2
Nf5 9. b4 a6 10. O-O Bd7 11. Nc3 Ncxd4 12. Nxd4 Nxd4 13. Be3 Nxe2+ 14. Qxe2 Qc7
15. Bd4 Be7 16. Rac1 Qd8 17. f4 O-O 18. Rf3 Bh4 19. Rh3 h6 20. Qg4 Be7 21. Rxh6
g6 22. Qh3 f6 23. Rh8+ Kf7 24. Qh7+ Ke8 25. Qxg6# 1-0

[Event "ODEM U25B 2013"]
[Site "Oberhof GER"]
[Date "2013.05.23"]
[Round "7"]
[White "Karge, Ole Jannes"]
[Black "Zimmer, Luca"]
[Result "1-0"]
[Termination "normal"]
[Board "30"]
[WhiteElo "1471"]
[BlackElo "1049"]
[PlyCount "55"]
[WhiteFideId "12957267"]
[BlackFideId "12921424"]
[EventCountry "GER"]
[EventRounds "9"]
[EventType "swiss"]
[EventDate "2013.05.18"]

1. e4 e6 2. d4 d5 3. Nc3 Bb4 4. e5 Qd7 5. Bd2 Bxc3 6. bxc3 b6 7. f4 Ba6 8. Bd3
Bxd3 9. cxd3 c5 10. Nf3 Ne7 11. O-O Nf5 12. dxc5 bxc5 13. d4 Na6 14. Rb1 O-O
15. Qe2 Qa4 16. Qd3 c4 17. Qe2 Rab8 18. Rxb8 Rxb8 19. Be1 Qa3 20. Nh4 Rb2 21.
Qf3 Ne7 22. f5 g5 23. fxe6 Rb8 24. Qxf7+ Kh8 25. Nf3 h6 26. Nxg5 hxg5 27. Qh5+
Kg8 28. Rf7 1-0

[Event "ODEM U25B 2013"]
[Site "Oberhof GER"]
[Date "2013.05.23"]
[Round "7"]
[White "Wolff, Marie Antoinette"]
[Black "Zimmer, Claudius"]
[Result "0-1"]
[Termination "normal"]
[Board "31"]
[WhiteElo "1280"]
[BlackElo "914"]
[PlyCount "124"]
[WhiteFideId "12908258"]
[EventCountry "GER"]
[EventRounds "9"]
[EventType "swiss"]
[EventDate "2013.05.18"]

1. c4 Nf6 2. Nc3 c5 3. Nf3 d5 4. cxd5 Nxd5 5. g3 Nc6 6. Bg2 Nc7 7. O-O e5 8. d3
Be6 9. Re1 Be7 10. Rb1 O-O 11. Bd2 Qd7 12. Qc1 Rac8 13. a3 f6 14. Ne4 b6 15. b4
cxb4 16. Bxb4 Nxb4 17. axb4 Nd5 18. Qd2 Qa4 19. Ra1 Qb5 20. Rxa7 Bxb4 21. Qb2
Bd7 22. Nd6 Bxd6 23. Qxb5 Bxb5 24. Nd2 Nc7 25. Rb1 Be8 26. Nc4 Nb5 27. Rxb5 Bb8
28. Rxg7+ Kxg7 29. Rxb6 Kg8 30. Rb7 Bc6 31. Bxc6 Rxc6 32. Kg2 Rc7 33. Rb5 Kg7
34. h4 Ra7 35. e3 Rd7 36. Kf3 Rxd3 37. Rb7+ Kg6 38. g4 h5 39. Ke4 Rc3 40. gxh5+
Kxh5 41. Nd2 f5+ 42. Kf3 e4+ 43. Kg2 Rg8+ 44. Kh3 Rc1 45. Rh7+ Kg6 46. Rb7 Kf6
47. Rb6+ Ke7 48. Rb7+ Bc7 49. Rxc7+ Rxc7 50. Kh2 Rc2 51. Nxe4 fxe4 52. h5 Rh8
53. Kg3 Rxh5 54. Kf4 Rxf2+ 55. Kxe4 Rh3 56. Kd4 Re2 57. e4 Rh4 58. Kd5 Rhxe4
59. Kc6 Rd2 60. Kc5 Red4 61. Kb5 Rc2 62. Ka5 Rb2 0-1

[Event "ODEM U25B 2013"]
[Site "Oberhof GER"]
[Date "2013.05.23"]
[Round "7"]
[White "Schumacher, Aaron"]
[Black "Pahl, Theis"]
[Result "1-0"]
[Termination "normal"]
[Board "32"]
[WhiteElo "1068"]
[BlackElo "839"]
[PlyCount "67"]
[BlackFideId "16201264"]
[EventCountry "GER"]
[EventRounds "9"]
[EventType "swiss"]
[EventDate "2013.05.18"]

1. d4 Nf6 2. Nf3 g6 3. Bf4 Bg7 4. e3 O-O 5. c3 d6 6. Bd3 e6 7. Nbd2 Nc6 8. O-O
Bd7 9. Qc2 Qe7 10. Rfe1 Rfe8 11. Rad1 e5 12. Bg5 Rad8 13. h3 d5 14. e4 dxe4 15.
Rxe4 Qd6 16. dxe5 Nxe5 17. Rxe5 Rxe5 18. Nxe5 Qxe5 19. Nf3 Qd5 20. Be4 Qb5 21.
a4 Qb6 22. Ne5 Qe6 23. Nxd7 Rxd7 24. Rxd7 Qxd7 25. Bxb7 c6 26. Ba6 h6 27. Be3
Nd5 28. Bc5 f5 29. Bc4 Qc7 30. Qd3 Kh7 31. Bxd5 cxd5 32. Qxd5 Qb8 33. Qd7 Qxb2
34. Bd4 1-0

[Event "ODEM U25B 2013"]
[Site "Oberhof GER"]
[Date "2013.05.23"]
[Round "7"]
[White "Grimm, Nicola Marie"]
[Black "Weiten, Anna"]
[Result "0-1"]
[Termination "normal"]
[Board "34"]
[WhiteElo "967"]
[BlackElo "1143"]
[PlyCount "62"]
[WhiteFideId "12988987"]
[BlackFideId "12938203"]
[EventCountry "GER"]
[EventRounds "9"]
[EventType "swiss"]
[EventDate "2013.05.18"]

1. d4 d5 2. Nf3 Nf6 3. Bf4 c5 4. e3 Qb6 5. Qc1 Nc6 6. c3 Bf5 7. Na3 a6 8. Qd2
e6 9. Bd3 Bxd3 10. Qxd3 Qxb2 11. Nc2 Be7 12. O-O Qb6 13. Rab1 Qd8 14. Rxb7 O-O
15. Rc7 Rc8 16. Rb7 c4 17. Qd1 Ne4 18. Na1 Nxc3 19. Qc2 Ne4 20. Rfb1 h6 21.
R1b6 Re8 22. Rxa6 Nb4 23. Rxb4 Bxb4 24. Ne5 Bc3 25. Qb1 Rb8 26. Qc1 Rb6 27. Ra7
Re7 28. Ra3 Bb2 29. Nc6 Bxc1 30. Nxd8 Bxa3 31. Bc7 Rb1# 0-1

[Event "ODEM U25B 2013"]
[Site "Oberhof GER"]
[Date "2013.05.23"]
[Round "7"]
[White "Wu, Erik"]
[Black "Chung, Nicholas"]
[Result "0-1"]
[Termination "normal"]
[Board "35"]
[WhiteElo "1169"]
[BlackElo "946"]
[PlyCount "108"]
[WhiteFideId "12977489"]
[EventCountry "GER"]
[EventRounds "9"]
[EventType "swiss"]
[EventDate "2013.05.18"]

1. e4 e5 2. Nf3 Nc6 3. Bc4 Nf6 4. Ng5 d5 5. exd5 b5 6. dxc6 bxc4 7. Nc3 Bc5 8.
O-O Qd6 9. Nge4 Nxe4 10. Nxe4 Qxc6 11. Qf3 Rb8 12. d3 cxd3 13. Qxd3 Bb7 14. Be3
Bxe3 15. Qxe3 Qxe4 16. Qxe4 Bxe4 17. Rfe1 Bxc2 18. Rxe5+ Kd7 19. Rc5 Rxb2 20.
Rc1 Re8 21. h3 Bb1 22. Rxc7+ Kd6 23. Rxf7 Bxa2 24. Rd1+ Kc5 25. Rc7+ Kb6 26.
Rxg7 Rb1 27. Rxb1+ Bxb1 28. Rg3 Re1+ 29. Kh2 a5 30. Rb3+ Kc5 31. f4 a4 32. Rf3
Kb4 33. f5 a3 34. f6 Re8 35. Rf4+ Kc5 36. Ra4 a2 37. Kg3 Rf8 38. Kf3 Rxf6+ 39.
Ke3 Rd6 40. g4 Kb5 41. Ra3 Rd3+ 42. Rxd3 Bxd3 43. Kxd3 a1=Q 44. Ke3 Qa3+ 45.
Kf4 Qxh3 46. Kf5 h6 47. Kf4 Qg2 48. Kf5 Qg3 49. Kg6 Qxg4+ 50. Kxh6 Kc5 51. Kh7
Kd6 52. Kh6 Ke6 53. Kh7 Kf7 54. Kh8 Qg7# 0-1

[Event "ODEM U25B 2013"]
[Site "Oberhof GER"]
[Date "2013.05.23"]
[Round "7"]
[White "Riehle, Fabio"]
[Black "Ziegenfuß, Larissa"]
[Result "1-0"]
[Termination "normal"]
[Board "36"]
[WhiteElo "1167"]
[BlackElo "923"]
[PlyCount "123"]
[WhiteFideId "36052140"]
[BlackFideId "12974722"]
[EventCountry "GER"]
[EventRounds "9"]
[EventType "swiss"]
[EventDate "2013.05.18"]

1. e4 e5 2. Nf3 d6 3. Bc4 Nc6 4. d3 Na5 5. Nbd2 Nxc4 6. Nxc4 Be7 7. d4 Nf6 8.
dxe5 Nxe4 9. exd6 Nxd6 10. Nxd6+ Qxd6 11. Qxd6 Bxd6 12. O-O O-O 13. Re1 Bf5 14.
Nd4 Rad8 15. Bg5 Bg6 16. Nb5 Bc5 17. Nxc7 Rc8 18. Nd5 f6 19. Be3 Bxc2 20. Bxc5
Rxc5 21. Rac1 Rxd5 22. Rxc2 Rfd8 23. h3 Rd2 24. Rxd2 Rxd2 25. Rb1 Kf7 26. a3
Ke6 27. b4 Rd3 28. Re1+ Kd6 29. a4 a6 30. Kh2 b5 31. Re8 Kd5 32. axb5 axb5 33.
Rc8 Rb3 34. Rc5+ Kd4 35. Rxb5 Kc4 36. Rb7 Rxb4 37. Rxg7 Rb2 38. f3 Kd3 39. Rxh7
Ke3 40. Rf7 Kf4 41. Rxf6+ Kg5 42. Rc6 Rb8 43. Kg3 Rf8 44. h4+ Kf5 45. Rc5+ Kg6
46. h5+ Kh6 47. Kh4 Rg8 48. Rc6+ Kh7 49. g4 Rf8 50. Kg3 Kg7 51. h6+ Kh7 52. g5
Rf5 53. Kg4 Rf8 54. Kh5 Rxf3 55. g6+ Kg8 56. Rc8+ Rf8 57. h7+ Kg7 58. Rxf8 Kxf8
59. h8=Q+ Ke7 60. Qe5+ Kf8 61. Kh6 Kg8 62. Qb8# 1-0

[Event "ODEM U25B 2013"]
[Site "Oberhof GER"]
[Date "2013.05.23"]
[Round "7"]
[White "Reif, Richard"]
[Black "Riedel, Adelheid"]
[Result "0-1"]
[Termination "normal"]
[Board "38"]
[WhiteElo "1016"]
[BlackElo "846"]
[PlyCount "88"]
[WhiteFideId "12983764"]
[EventCountry "GER"]
[EventRounds "9"]
[EventType "swiss"]
[EventDate "2013.05.18"]

1. d4 d5 2. Nc3 Nf6 3. Bf4 Bf5 4. Nb5 Na6 5. e3 e6 6. Nf3 c6 7. Nc3 Bb4 8. Qd2
Ne4 9. Qc1 Nxc3 10. a3 Ba5 11. Qd2 Ne4 12. Qxa5 Qxa5+ 13. b4 Nxb4 14. Rb1 Nxc2+
15. Ke2 Bg4 16. Rb2 Bxf3+ 17. Kxf3 Nd2+ 18. Kg3 Ne4+ 19. Kf3 Ne1+ 20. Kg4 f5+
21. Kh4 Nxg2+ 22. Bxg2 Qd8+ 23. Kh3 Qf6 24. Bf3 Ng5+ 25. Kg2 Nxf3 26. Kxf3 Qh4
27. Rhb1 Qh5+ 28. Kg2 Qg4+ 29. Kf1 Rf8 30. Rxb7 Rf6 31. Be5 Rg6 32. Rc7 Qg1+
33. Ke2 Qxb1 34. Bxg7 Qc2+ 35. Kf3 Kd8 36. Rf7 Rc8 37. Bf6+ Rxf6 38. Rxf6 Rc7
39. Rxe6 Re7 40. Rf6 Qd1+ 41. Kf4 Re4+ 42. Kxf5 Qf3+ 43. Kg5 Rg4+ 44. Kh6 Qh3#
0-1

[Event "ODEM U25B 2013"]
[Site "Oberhof GER"]
[Date "2013.05.23"]
[Round "7"]
[White "Graf, Lennard"]
[Black "Hacklinger, Leon"]
[Result "0-1"]
[Termination "normal"]
[Board "39"]
[WhiteElo "979"]
[BlackElo "1008"]
[PlyCount "42"]
[BlackFideId "16205111"]
[EventCountry "GER"]
[EventRounds "9"]
[EventType "swiss"]
[EventDate "2013.05.18"]

1. e4 e5 2. Nf3 Nf6 3. Nxe5 Nc6 4. Nxc6 dxc6 5. Nc3 Bc5 6. Bc4 Qd4 7. Qe2 O-O
8. O-O Re8 9. Re1 Ng4 10. Rf1 Ne5 11. Bb3 Bg4 12. Qe3 Qd6 13. Qf4 Nf3+ 14. Qxf3
Bxf3 15. gxf3 Qg6+ 16. Kh1 Qf6 17. d3 Qxf3+ 18. Kg1 Bd6 19. d4 Qg4+ 20. Kh1 Qh3
21. e5 Qxf1# 0-1

[Event "ODEM U25B 2013"]
[Site "Oberhof GER"]
[Date "2013.05.23"]
[Round "7"]
[White "Breitzmann, Thorge"]
[Black "Schulze, Lukas"]
[Result "0-1"]
[Termination "normal"]
[Board "40"]
[WhiteElo "1000"]
[BlackElo "858"]
[PlyCount "64"]
[BlackFideId "12956856"]
[EventCountry "GER"]
[EventRounds "9"]
[EventType "swiss"]
[EventDate "2013.05.18"]

1. d4 Nf6 2. c4 e6 3. Nf3 c5 4. Bg5 b6 5. Nc3 Nc6 6. e4 Ba6 7. Be2 Na5 8. b3 h6
9. Bh4 cxd4 10. Qxd4 Nc6 11. Qe3 Nb4 12. Rc1 Bd6 13. e5 Bc5 14. Qf4 g5 15. Nxg5
Qc7 16. Qxf6 Rf8 17. Nh7 Rg8 18. a3 Nc6 19. b4 Be7 20. Qxh6 Qxe5 21. Bxe7 Nxe7
22. Nf6+ Kd8 23. Nxg8 Nxg8 24. Qf8+ Kc7 25. Qxa8 Ne7 26. Qxa7+ Kd8 27. Qxb6+
Ke8 28. Qxa6 Nc6 29. O-O Nd4 30. Qa8+ Ke7 31. Rfe1 Nb3 32. Bd1 Qxe1# 0-1

[Event "ODEM U25B 2013"]
[Site "Oberhof GER"]
[Date "2013.05.23"]
[Round "7"]
[White "Granzin, Mina"]
[Black "Lilienthal, Niels Bennett"]
[Result "0-1"]
[Termination "normal"]
[Board "41"]
[WhiteElo "857"]
[BlackElo "983"]
[PlyCount "78"]
[BlackFideId "16205421"]
[EventCountry "GER"]
[EventRounds "9"]
[EventType "swiss"]
[EventDate "2013.05.18"]

1. e4 e5 2. Nf3 Nc6 3. Bd3 Nf6 4. Nc3 Bc5 5. O-O d6 6. Bc4 Bg4 7. d3 Qe7 8. Bg5
O-O-O 9. h3 Bxf3 10. Qxf3 Nd4 11. Qg3 Bb4 12. Qh4 Bxc3 13. bxc3 Ne6 14. Bb3
Nxg5 15. Qxg5 Rhg8 16. Qh5 Nxh5 17. d4 exd4 18. cxd4 Rgf8 19. Bc4 Qxe4 20. c3
Nf4 21. f3 Qe3+ 22. Kh2 Qxc3 23. Kg3 Qxc4 24. Kf2 Qxd4+ 25. Kg3 Ne2+ 26. Kh2
Qf4+ 27. Kh1 Ng3+ 28. Kg1 Nxf1 29. Kxf1 Qc4+ 30. Kf2 Qd4+ 31. Kf1 Qxa1+ 32. Kf2
Qxa2+ 33. Kg3 Rfe8 34. Kh2 Re2 35. Kg3 Rxg2+ 36. Kf4 Qc4+ 37. Kf5 Qd5+ 38. Kf4
Re8 39. h4 Qe5# 0-1

[Event "ODEM U25B 2013"]
[Site "Oberhof GER"]
[Date "2013.05.23"]
[Round "7"]
[White "Kurzweil, Nalani"]
[Black "Gazizov, Erik"]
[Result "1-0"]
[Termination "normal"]
[Board "43"]
[WhiteElo "917"]
[BlackElo "722"]
[PlyCount "79"]
[WhiteFideId "12985694"]
[BlackFideId "12951358"]
[EventCountry "GER"]
[EventRounds "9"]
[EventType "swiss"]
[EventDate "2013.05.18"]

1. e4 c5 2. Nf3 d6 3. Bb5+ Bd7 4. Bxd7+ Nxd7 5. d4 e6 6. Bf4 Be7 7. Nc3 Ngf6 8.
O-O O-O 9. Qd3 a6 10. Rad1 d5 11. e5 Ne4 12. Nxe4 dxe4 13. Qxe4 b5 14. Rfe1 Rb8
15. d5 a5 16. d6 a4 17. dxe7 Qxe7 18. Bg5 f6 19. exf6 Nxf6 20. Bxf6 Qxf6 21.
Qxe6+ Rf7 22. Qxf6 Rxf6 23. Ne5 Ra6 24. Nd7 Rc8 25. Re7 Rc7 26. Re8+ Kf7 27.
Re5 Kg6 28. Nxc5 Rac6 29. Ne6 Kf6 30. Nxc7 Rxc7 31. Rxb5 Rxc2 32. Rd6+ Ke7 33.
Ra6 Rc7 34. Rxa4 Kd7 35. Rab4 Kc6 36. a4 Kd6 37. Rb7 Rc6 38. R4b6 Kc5 39. Rxc6+
Kxc6 40. Rb3 1-0

[Event "ODEM U25B 2013"]
[Site "Oberhof GER"]
[Date "2013.05.23"]
[Round "7"]
[White "Uhlmann, Marie"]
[Black "Bossert, Moritz"]
[Result "1-0"]
[Termination "normal"]
[Board "44"]
[WhiteElo "943"]
[BlackElo "879"]
[PlyCount "97"]
[WhiteFideId "12980340"]
[BlackFideId "16239946"]
[EventCountry "GER"]
[EventRounds "9"]
[EventType "swiss"]
[EventDate "2013.05.18"]

1. c4 e6 2. Nc3 d5 3. cxd5 exd5 4. g3 Nf6 5. Bg2 Bc5 6. Nf3 O-O 7. O-O Bf5 8.
d3 Nbd7 9. Bd2 Re8 10. a3 Rc8 11. b4 Bd6 12. Re1 b6 13. Qb3 c6 14. a4 Ne5 15.
b5 Bc5 16. d4 Nxf3+ 17. Bxf3 Be7 18. bxc6 Rxc6 19. Nxd5 Nxd5 20. Bxd5 Rd6 21.
Bxf7+ Kf8 22. Bxe8 Qxe8 23. Bc3 Bf6 24. Bb4 Be7 25. Bxd6 Bxd6 26. Rac1 Qe4 27.
Qf3 Qxd4 28. Qxf5+ Qf6 29. Qxf6+ gxf6 30. Rc8+ Ke7 31. Rh8 Be5 32. Rxh7+ Ke6
33. Rxa7 Kd6 34. Ra6 Kc6 35. a5 Kb7 36. Rxb6+ Ka7 37. Rd1 Ka8 38. Rd7 f5 39.
Re6 Bb8 40. Re8 f4 41. Rxb8+ Kxb8 42. gxf4 Kc8 43. Rh7 Kb8 44. f5 Kc8 45. f6
Kd8 46. a6 Kc8 47. Rb7 Kd8 48. f7 Kc8 49. f8=Q# 1-0

[Event "ODEM U25B 2013"]
[Site "Oberhof GER"]
[Date "2013.05.23"]
[Round "7"]
[White "Breitzmann, Malte"]
[Black "Zell, Mirjam"]
[Result "1-0"]
[Termination "normal"]
[Board "45"]
[WhiteElo "886"]
[BlackElo "820"]
[PlyCount "53"]
[BlackFideId "16208544"]
[EventCountry "GER"]
[EventRounds "9"]
[EventType "swiss"]
[EventDate "2013.05.18"]

1. e4 e5 2. Nf3 Nf6 3. Nxe5 Nc6 4. Nxc6 dxc6 5. Nc3 Bc5 6. Be2 O-O 7. d3 Be6 8.
Bg5 h6 9. Bh4 Qe7 10. e5 Bd4 11. exf6 gxf6 12. Qd2 Bg4 13. Ne4 Bxb2 14. Bxg4
Bxa1 15. c3 Kg7 16. Bxf6+ Kg8 17. Bxe7 Rfe8 18. Nf6+ Kg7 19. Nh5+ Kg8 20. Nf6+
Kg7 21. Nxe8+ Rxe8 22. O-O Rxe7 23. f4 b5 24. f5 Kg8 25. f6 Re8 26. Qxh6 Bxc3
27. Qg7# 1-0

[Event "ODEM U25B 2013"]
[Site "Oberhof GER"]
[Date "2013.05.23"]
[Round "7"]
[White "Lorf, Yannick"]
[Black "Reichel, Sara"]
[Result "1-0"]
[Termination "normal"]
[Board "46"]
[WhiteElo "913"]
[BlackElo "683"]
[PlyCount "111"]
[BlackFideId "16245130"]
[EventCountry "GER"]
[EventRounds "9"]
[EventType "swiss"]
[EventDate "2013.05.18"]

1. e4 c5 2. Nf3 Nc6 3. d4 cxd4 4. Nxd4 g6 5. Nc3 Bg7 6. Be3 Nf6 7. f3 O-O 8.
Bc4 Qa5 9. Qd2 d6 10. O-O-O Ne5 11. Bb3 Qc7 12. Bh6 Bd7 13. h3 a6 14. g4 b5 15.
f4 Nc6 16. g5 Nh5 17. Bxg7 Kxg7 18. f5 Ng3 19. Rhg1 Nh5 20. Nxc6 Bxc6 21. Qd4+
Kg8 22. Nd5 Qd7 23. f6 e6 24. Ne7+ Kh8 25. e5 d5 26. Qc5 Rac8 27. Nxc8 Rxc8 28.
Qb6 Rc7 29. Qxa6 Ra7 30. Qb6 Nf4 31. Qc5 Ra8 32. Qe7 Ne2+ 33. Kb1 Nxg1 34. Rxg1
Qxe7 35. fxe7 Re8 36. Rd1 Rxe7 37. Rf1 d4 38. Rf4 Bd5 39. Rxd4 Bc6 40. c4 Bd7
41. cxb5 Bxb5 42. a4 Be2 43. a5 Ra7 44. Ra4 Bd3+ 45. Bc2 Rd7 46. Bxd3 Rxd3 47.
a6 Rd1+ 48. Kc2 Rh1 49. a7 f6 50. gxf6 h5 51. a8=Q+ Kh7 52. f7 Rxh3 53. f8=Q
Rh2+ 54. Kb3 Rh3+ 55. Kb4 g5 56. Qe4# 1-0